find the marker markers #1 - Statistics

General Stats
  • This quiz has been taken 149 times
  • The average score is 9 of 15
Answer Stats
Hint Answer % Correct
(WARNING,JUMPSCARE INCOMING) Jumpscare Marker
85%
Have to type in your Roblox ID Noob Marker
80%
Founded on the floor in the snow biome Snow Marker
78%
have to do an obby in the Factory Lava Jump Marker
75%
Founded behind a rock Rock Marker
74%
At the spawn on the pedastal Purple Marker
73%
Moon Cheese Marker
72%
Founded in another tree that is more obvious Leaf Marker
65%
In the shop on the attic Grey Marker
61%
Founded in one of the trees Missing Texture Marker
53%
Im in one of the abandoned house and playing games Markerplier
52%
In a crate Plaid Marker
50%
Have to do an obby below the map Medium Stone Grey Marker
48%
In the storage Box Marker
45%
Under a tree Bee Marker
29%
No matching quizzes found
Score Distribution
Percent of People with Each Score
Percentile by Number Answered
Your Score History
You have not taken this quiz